• 首页
  • 本馆介绍
  • 公告通知
  • 最新文献
  • 馆藏检索
  • 电子资源
  • 读者导购
  • 参考咨询
  • 我的图书馆
  • 登录
  • 详细信息显示
  • 放入我的书架
  • 预约/预借图书
  • 作者相关作品
  • 分类相关作品
  • 丛书相关作品
  • 出版社相关作品

书目信息

  • 表格格式
  • 工作单格式
  • 卡片格式
题名:
自动驾驶汽车技术
    
 
作者: 李卫 , 蔡元兵 , 李欣欣 主编
分册:  
出版信息: 上海   同济大学出版社  2020.08
页数: 150页
开本: 29cm
丛书名:
单 册:
中图分类: U463.61
科图分类:
主题词: 汽车驾驶--qi che jia shi--自动驾驶系统
电子资源:
ISBN: 978-7-5608-9358-7
000 01274nam0 2200253 450
001 0106081743
005 20201106082042.0
010    @a978-7-5608-9358-7@dCNY45.00
100    @a20200723d2020 em y0chiy0110 ea
101 0  @achi
102    @aCN@b310000
105    @ay z 000yy
106    @ar
200 1  @a自动驾驶汽车技术@Azi dong jia shi qi che ji shu@f李卫, 蔡元兵, 李欣欣主编
210    @a上海@c同济大学出版社@d2020.08
215    @a150页@d29cm
330    @a本书主要内容包括五个学习任务、15个知识点和11个技能点;通过对自动驾驶汽车概述自动驾驶汽车环境感知技术、智能控制技术,常见自动驾驶汽车的维护与保养、自动驾驶汽车大赛链接等知识点学习技能点实操,通过学习读者可以对自动驾驶汽车技术系统架构铭记于心,且能独立完成常见自动驾驶汽车驾驶功能设定和操作、并且还能进行日常维护和常见车型简单故障进行排除。本书通俗易懂,图文并茂,知识点与课后作业相结合、技能点与实训课题结合,充分体现学生主体教师主导教学模式,激发学生学习热情岗位操作兴趣,适合汽车院校专业学生使用,同时可供汽车爱好者及在岗人员提升新技术学习。
606 0  @a汽车驾驶@Aqi che jia shi@x自动驾驶系统
690    @aU463.61@v5
701  0 @a李卫@Ali wei@4主编
701  0 @a蔡元兵@Acai yuan bing@4主编
701  0 @a李欣欣@Ali xin xin@4主编
801  0 @aCN@bBJSZM@c20201106
905    @b1190620-3@dU463.61@e924@f4
    
    自动驾驶汽车技术/李卫, 蔡元兵, 李欣欣主编.-上海:同济大学出版社,2020.08
    150页;29cm
    
    
    ISBN 978-7-5608-9358-7:CNY45.00
    本书主要内容包括五个学习任务、15个知识点和11个技能点;通过对自动驾驶汽车概述自动驾驶汽车环境感知技术、智能控制技术,常见自动驾驶汽车的维护与保养、自动驾驶汽车大赛链接等知识点学习技能点实操,通过学习读者可以对自动驾驶汽车技术系统架构铭记于心,且能独立完成常见自动驾驶汽车驾驶功能设定和操作、并且还能进行日常维护和常见车型简单故障进行排除。本书通俗易懂,图文并茂,知识点与课后作业相结合、技能点与实训课题结合,充分体现学生主体教师主导教学模式,激发学生学习热情岗位操作兴趣,适合汽车院校专业学生使用,同时可供汽车爱好者及在岗人员提升新技术学习。
●
相关链接 在E读中查询图书 在五车中查询图书 在当当中查询图书 在豆瓣中查询图书


正题名:自动驾驶汽车技术     索取号:U463.61/924         预约/预借

序号 登录号 条形码 馆藏地/架位号 状态 备注
1 1190620   211906204   第二样本阅览室/ [索取号:U463.61/924] 在馆    
2 1190621   211906213   第三借阅区/ [索取号:U463.61/924] 在馆    
3 1190622   211906222   第三借阅区/ [索取号:U463.61/924] 在馆    
4 1190623   211906231   第三借阅区/ [索取号:U463.61/924] 在馆    
唐山师范学院图书馆 欢迎您!
大连网信软件有限公司© 版权所有